| 000 | 00647nam a2200229Ia 4500 | ||
|---|---|---|---|
| 003 | OSt | ||
| 005 | 20230516110727.0 | ||
| 008 | 210423s2012 xx 000 0 und d | ||
| 020 | _a9781847559166 | ||
| 040 | _cAL | ||
| 041 | _aeng | ||
| 082 |
_a576.163 CORJ _223 |
||
| 100 |
_aCORRY (Janet E L);others. _9104895 |
||
| 245 | _aHandbook of culture media for food and water microbiology. | ||
| 250 | _a3 | ||
| 260 |
_aNew York _bRSC Publishing _c2012 |
||
| 300 |
_axxix,1006 _bHB |
||
| 365 |
_b17515.62 _cINR |
||
| 650 |
_aFood Microbiology _9104896 |
||
| 906 | _aculture ; food ; Handbook ; media ; microbiology. ; water | ||
| 942 |
_2ddc _cBK |
||
| 999 |
_c164811 _d164811 |
||